000 003280000a22001570004500
001 000020
003 MACL
040 _aMACL
090 _c20
_d20
100 _aWin, Verrier
245 _aNagaland
_cVerrier Win
260 _aSpectrum Publications,
_c1997
350 _a425
650 _aPribal Communities
942 _k308
_cBook
999 _c49327
_d49327